| 000 | 00551nam a2200193 a 4500 | ||
|---|---|---|---|
| 005 | 20240228063835.0 | ||
| 008 | 991125s1995 mx 000 0 spa u | ||
| 020 | _a9681649338 | ||
| 035 | _aUPN01000050276 | ||
| 049 | _aI | ||
| 050 | 4 |
_aPZ7 _bM378 |
|
| 100 | 1 | _aMcDonnell, Flora | |
| 245 | 1 | 0 |
_aQuiero a los animales / _cFlora McDonnell ; tr. Ernestina Loyo. |
| 260 |
_aMéxico : _bFCE, _c1995. |
||
| 300 |
_a[26] p. : _bprincipalmente il. |
||
| 440 | 0 | _aA la orilla del viento | |
| 650 | 4 |
_aLibros y lectura para niños _92290 |
|
| 905 | _aInfantil | ||
| 999 |
_c50276 _d50276 |
||